|
|
|
|
| LEADER |
00000nab a2200000 ar4500 |
| 001 |
vtls009624944 |
| 003 |
SK-MaSNL |
| 005 |
20260303060513.0 |
| 008 |
170922c2008 xo mr|p|||||||000 b|slo |
| 038 |
|
|
|a SNSK
|
| 040 |
|
|
|b slo
|c SNSK
|e AACR2
|
| 041 |
|
|
|a slo
|
| 044 |
|
|
|a xo
|c SK
|
| 080 |
|
|
|a 726.52
|x (091)
|2 2001
|
| 245 |
0 |
0 |
|a Kaplnka
|b história obce Prakovce
|c [autor]-jm-
|
| 300 |
|
|
|b Fotogr.
|
| 650 |
0 |
7 |
|a kaplnky
|x dejiny
|2 snsk
|9 405493
|
| 651 |
|
7 |
|a Prakovce (Slovensko)
|2 snsk
|9 57298
|
| 651 |
|
7 |
|a Gelnica (Slovensko : okres)
|2 snsk
|9 168677
|
| 773 |
0 |
|
|t Prakovské noviny
|g Roč. II., č. 3 (2008), s. 6
|x 1337-5520
|
| 852 |
|
|
|a SNSK
|b KIS3GCP
|
| 999 |
|
|
|c 1731665
|d 1733595
|